000
00234nam a2200109Ia 4500
008
200302s9999 xx 000 0 und d
100
_a
Anil Laul
245
_a
Green is Red
260
_b
Ashra India
260
_c
2013
300
_a
213 P.,
999
_c
3288
_d
3288